Word Ladder: Boy Band Members Quiz Stats

Quiz Updated Aug 25, 2016

Challenge
Share
Tweet
Embed
Score 0/14 Timer 02:00
7 Plays Today
Clue 4-Letter Word % Correct
Ernie's roommate on 'Sesame Street'BERT
86%
No longer straightBENT
85.7%
MailedSENT
85.7%
A chair, e.g.SEAT
84.8%
Payne of 'One Direction'LIAM
83.9%
Vegetable that comes in earsCORN
82.1%
Stitched area between fabric piecesSEAM
80.4%
Clue 4-Letter Word % Correct
Capital of SwitzerlandBERN
77.2%
Former name of ThailandSIAM
76.6%
Particle accelerator near GenevaCERN
71.9%
Malik formerly of 'One Direction'ZAYN
57.2%
Joe McCarthy's Red-baiting lawyer RoyCOHN
39.9%
Lyricist Sammy who wrote for SinatraCAHN
35.6%
Actor Steve of 'Sahara' or 'Daddy Day Care'ZAHN
31.6%

Today's Daily Dose

Missing Word
Law Misconceptions

Word Ladder
Easy Math

On This Day
January 20th

You're not logged in!

Compare scores with friends on all Sporcle quizzes.
Sign Up with Email
OR
Log In

You Might Also Like...

Show Comments

Extras

Top Quizzes Today


Score Distribution

Your Account Isn't Verified!

In order to create a playlist on Sporcle, you need to verify the email address you used during registration. Go to your Sporcle Settings to finish the process.